| 000 | 00631nam a2200193 a 4500 | ||
|---|---|---|---|
| 001 | 000019234 | ||
| 005 | 20200929165946.0 | ||
| 008 | 100528s1991 ag r 000 p spa d | ||
| 040 |
_aDO-SdBNP _bspa _cBNPHU |
||
| 082 |
_aA861.44 _bN234ó |
||
| 100 | 1 |
_aNarral, Pablo, _d1957- _941386 |
|
| 245 | 1 | 0 |
_aOscura tierra / _cPablo Narral. |
| 260 |
_aBuenos Aires, Argentina : _bEdiciones Último Reino, _c1991. |
||
| 300 |
_a48 p. ; _c20 cm. |
||
| 500 | _aIncluye referencia biográfica del autor en la contracubierta | ||
| 650 | 4 |
_aPoesía argentina _ySIGLO XX _941387 |
|
| 650 | 4 |
_aLiteratura argentina _ySIGLO XX _914711 |
|
| 049 | _aBNGR | ||
| 999 |
_c18752 _d18752 |
||